000 00792nam a2200217 a 4500
001 000036428
005 20200930075727.0
008 120117s1973 sp 000 0 spa d
020 _a8420630020
100 1 _aPlatonov, Andreĭ Platonovich, 1899-1951.
_962639
245 1 0 _aFro ; El regreso ; El tercer hijo ; El río Potudán ; Dzhan /
_cAndrei Platónov ; prólogo de Eugueni Evtuchenko ; traducción de Amaya Lacasa.
260 _aMadrid :
_bAlianza Editorial,
_c1973.
300 _a213 p. ;
_c21 cm.
490 1 _aAlianza Tres ;
_v2
505 0 _tFro --
_tEl regreso --
_tEl tercer hijo --
_tEl río Potudán --
_tDzhan--
700 1 _aEvtuchenko, Eugueni
_epról.
_962640
700 1 _aLacasa, Amaya
_etr.
_962641
740 0 _aDzhan
803 0 _aAlianza Tres ;
_v2
999 _c35919
_d35919
040 _aDO-SdBNP